<?xml version="1.0" encoding="UTF-8"?>
<collection xmlns="http://www.loc.gov/MARC21/slim">
 <record>
  <leader>01775nam a2200265 a 4500</leader>
  <controlfield tag="001">TVCDKTCT4994</controlfield>
  <controlfield tag="003">Thư viện trường Cao đẳng Kỹ thuật Cao Thắng</controlfield>
  <controlfield tag="005">20060424000000</controlfield>
  <controlfield tag="008">060424</controlfield>
  <datafield tag="980" ind1="\" ind2="\">
   <subfield code="a">Thư viện Trường CĐ Kỹ Thuật Cao Thắng</subfield>
  </datafield>
  <datafield tag="024" ind1=" " ind2=" ">
   <subfield code="a">RG_1 #1 eb0 i1</subfield>
  </datafield>
  <datafield tag="041" ind1="0" ind2="#">
   <subfield code="a">vie</subfield>
  </datafield>
  <datafield tag="082" ind1="#" ind2="#">
   <subfield code="a">629.2 / </subfield>
   <subfield code="b">PH104M-t</subfield>
  </datafield>
  <datafield tag="100" ind1="1" ind2="#">
   <subfield code="a">Phạm xuân Mai</subfield>
  </datafield>
  <datafield tag="245" ind1="0" ind2="0">
   <subfield code="a">Tính toán sức kéo ôtô - máy kéo /</subfield>
   <subfield code="c">Phạm xuân Mai, Nguyễn Hữu Hường, Ngô Xuân Ngát</subfield>
  </datafield>
  <datafield tag="250" ind1="#" ind2="#">
   <subfield code="a">In lần thứ 1</subfield>
  </datafield>
  <datafield tag="260" ind1="#" ind2="#">
   <subfield code="a">Tp.HCM :</subfield>
   <subfield code="b">Đại học Quốc gia TP. HCM ,</subfield>
   <subfield code="c">2001</subfield>
  </datafield>
  <datafield tag="300" ind1="#" ind2="#">
   <subfield code="a">115tr. ;</subfield>
   <subfield code="c">27cm</subfield>
  </datafield>
  <datafield tag="520" ind1="#" ind2="#">
   <subfield code="a">Nghiên cứu tính năng động lực học và sức kéo của Ô tô và máy kéo đóng vai trò quan trọng trong công tác thiết kế mẫu, thiết kế chế tạo mới, thiết kế cải tiến thay đổi đặc trưng phương tiện cho phù hợp với những điều kiện khác nhau...</subfield>
  </datafield>
  <datafield tag="520" ind1="#" ind2="#">
   <subfield code="a">Giáo trình này trình bày những lý thuyết cơ bản và phương pháp giải những bài toán về tính năng động lực học và sức kéo của ô tô, máy kéo và các phương tiện tương tự.</subfield>
  </datafield>
  <datafield tag="520" ind1="#" ind2="#">
   <subfield code="a">Giáo trình này được dùng cho các sinh viên đại học chính quy và tại chức ngành Kỹ thuật Ô tô và Máy động lực, ngoài ra cũng có thể là tài liệu tham khảo cho cán bộ chuyên ngành.</subfield>
  </datafield>
  <datafield tag="650" ind1="#" ind2="4">
   <subfield code="a">Ô tô--Máy kéo</subfield>
  </datafield>
  <datafield tag="650" ind1="#" ind2="4">
   <subfield code="a">Tính toán sức kéo</subfield>
  </datafield>
  <datafield tag="700" ind1="0" ind2="#">
   <subfield code="a">Nguyễn Hữu Hường</subfield>
  </datafield>
  <datafield tag="700" ind1="0" ind2="#">
   <subfield code="a">Ngô Xuân Ngát</subfield>
  </datafield>
 </record>
</collection>
